00449nam a2200169Ia 4500003000400000008004100004040001600045082001300061100002200074245005000096700002100146260004200167300000800209490002500217650001500242650002200257GCL140319s9999 xx 000 0 eng d aGCL / cGCL04a843bB D1 aBELLEMARE, PIERRE10aLES DOSSIERS D'INTERPOL / cBELLEMARE, PIERRE1 aANTOINE, JACQUES a[S.N] : bLE LIVRE DE POCHE ، c1993 a280 aLE LIVRE DE POCHEv004aLITERATURE04aFRENCH LITERATURE